Arrendamiento de inmuebles personas fs̕icas Gua̕ prc̀tica - Rǧimen fiscal 2015 /

Bibliographic Details
Main Author: Campero Guerrero, Eladio
Other Authors: Fol Olguin, Raymundo
Format: eBook
Language:Spanish
Published: Mx̌ico D.F.: Tax Editores, 2015
Subjects:
Online Access:Acceso restringido

MARC

LEADER 00000nam a22000007a 4500
005 20150707131525.0
007 cr|||| ||||
008 150707s2015 mx |||||s|||| 00||0 spa d
020 |a 9786074407846 
035 |a 12749 
040 |a vLex 
090 |c 5480  |d 5480 
100 1 |a Campero Guerrero, Eladio 
245 1 0 |a Arrendamiento de inmuebles personas fs̕icas   |h [Recurso electrn̤ico] :  |b Gua̕ prc̀tica - Rǧimen fiscal 2015 /  |c Eladio Campero Guerrero, Raymundo Fol Olguin 
256 |a Servicio en ln̕ea 
260 |a Mx̌ico D.F.:  |b Tax Editores,   |c 2015 
300 |a 1 recurso electrn̤ico 
500 |a Mediante el estudio de esta obra, el lector estar ̀en posibilidad de conocer y aplicar de inmediato las disposiciones fiscales que deben atender las personas fs̕icas que obtienen ingresos por otorgar el uso o goce temporal de bienes inmuebles, entre otras, en materia de los impuestos sobre la renta (ISR) y al valor agregado (IVA) del Cd̤igo Fiscal de la Federacin̤ y de la Resolucin̤ Miscelǹea Fiscal vigente. Ello se logra a travš del anl̀isis de las disposiciones que contemplan esos ordenamientos fiscales para los citados contribuyentes y la ejemplificacin̤ con diversos casos prc̀ticos. Adems̀ de estos temas, la obra incluye: 1. La ejemplificacin̤ de la determinacin̤ de los pagos provisionales del ISR y de este impuesto del ejercicio. 2. El estm̕ulo fiscal que permite a las personas fs̕icas deducir en el ISR el pago de ciertas colegiaturas, el cual se podr ̀aplicar en la declaracin̤ anual, respecto de los pagos de colegiaturas que se hayan realizado en el ejercicio. La presente obra est ̀dirigida a los responsables del cumplimiento de las obligaciones fiscales de las personas fs̕icas que obtienen ingresos por otorgar el uso o goce temporal de bienes inmuebles, a los maestros, a los estudiantes de la materia fiscal y, en general, a cualquier persona que se interese en conocer las disposiciones fiscales aplicables a los contribuyentes que perciben tales ingresos. 
506 1 |a Contenido solo disponible en los productos indicados  |d vLex Global  |d vLex Global (Academic Edition, excluding Law Schools)  |d vLex Global (U.S. Academic Edition, Law Schools)  |d vLex Global (U.S. Academic Edition, excluding Law Schools)  |d vLex Global (Academic Edition, Law Schools) 
650 0 4 |a Arrendamiento urbano  |x Impuestos  |z Mx̌ico 
700 1 |a Fol Olguin, Raymundo  
740 0 |a vLex Libros (Servicio en ln̕ea) 
856 4 0 |u http://vlex.com/source/arrendamiento-de-inmuebles-personas-fisicas-guia-practica-regimen-fiscal-2015-12749  |z Acceso restringido 
942 |c BOOK 
999 0 |a Taxation 
999 0 |a Real property